Catálogo

Gerónimo de León : (Registro nro. 25179)

Detalles MARC
000 -LEADER
fixed length control field 01397cam a2200361 i 4500
001 - CONTROL NUMBER
control field 25179
003 - CONTROL NUMBER IDENTIFIER
control field Mx-PuUPA
005 - DATE AND TIME OF LATEST TRANSACTION
control field 20251103093700.0
008 - FIXED-LENGTH DATA ELEMENTS--GENERAL INFORMATION
fixed length control field 140415s1996 mx a gq 001 0 spa d
020 ## - INTERNATIONAL STANDARD BOOK NUMBER
International Standard Book Number 9709123521
040 ## - CATALOGING SOURCE
Transcribing agency Mx-PuUPA
Original cataloging agency Mx-PuUPA
Language of cataloging spa
Modifying agency Mx-PuUPA
Description conventions rda
041 0# - LANGUAGE CODE
Language code of text/sound track or separate title spa
043 ## - GEOGRAPHIC AREA CODE
Source of local code mx-mxbn
Local GAC code n-mx-ja
100 0# - MAIN ENTRY--PERSONAL NAME
Personal name Gerónimo de León,
Dates associated with a name active 1885-1915
9 (RLIN) 17438
Relator term autor
245 10 - TITLE STATEMENT
Title Gerónimo de León :
Remainder of title pintor de milagros /
Statement of responsibility, etc. Gerónimo de León ; Roche, [editor] ; Mario Alberto Guerrero, fotografía ; Rosalva Castillo, transcripción
264 #1 - PRODUCTION, PUBLICATION, DISTRIBUTION, MANUFACTURE, AND COPYRIGHT NOTICE
Place of production, publication, distribution, manufacture México D.F. :
Name of producer, publisher, distributor, manufacturer Empresario,
Date of production, publication, distribution, manufacture, or copyright notice [1996?]
300 ## - PHYSICAL DESCRIPTION
Extent 126 páginas :
Other physical details ilustraciones ;
Dimensions 24 cm
336 ## - CONTENT TYPE
Fuente rdacontent
Content type term texto
Content type code txt
337 ## - MEDIA TYPE
Source rdamedia
Media type term sin medio
Media type code n
338 ## - CARRIER TYPE
Source rdacarrier
Carrier type term volumen
Carrier type code nc
600 04 - SUBJECT ADDED ENTRY--PERSONAL NAME
Personal name Gerónimo de León
Dates associated with a name fl. 1885-1915
General subdivision Temas. motivos
650 #7 - SUBJECT ADDED ENTRY--TOPICAL TERM
Source of heading or term armarc
Topical term or geographic name entry element Exvotos
Geographic subdivision Jalisco (Temastián)
650 #7 - SUBJECT ADDED ENTRY--TOPICAL TERM
Source of heading or term armarc
Topical term or geographic name entry element Exvotos en el arte
650 #7 - SUBJECT ADDED ENTRY--TOPICAL TERM
Source of heading or term armarc
Topical term or geographic name entry element Santuario del señor de los Rayos (Temastián, Jalisco)
650 #7 - SUBJECT ADDED ENTRY--TOPICAL TERM
Source of heading or term armarc
Topical term or geographic name entry element Jesucristo en el arte
700 1# - ADDED ENTRY--PERSONAL NAME
Personal name Guerrero, Mario Alberto,
Relator term fotógrafo
700 1# - ADDED ENTRY--PERSONAL NAME
Personal name Castillo, Rosalva,
Relator term transcriptor
710 1# - ADDED ENTRY--CORPORATE NAME
Corporate name or jurisdiction name as entry element Productos Roche
Relator term editor
942 ## - ADDED ENTRY ELEMENTS (KOHA)
Source of classification or shelving scheme Dewey Decimal Classification
Koha item type Libro
Classification part 759.97235
Item part G35
Existencias
Withdrawn status Lost status Source of classification or shelving scheme Damaged status Not for loan Collection code Home library Current library Shelving location Date acquired Source of acquisition Cost, normal purchase price Total Checkouts Full call number Barcode Date last seen Cost, replacement price Price effective from Koha item type
    Dewey Decimal Classification     General Biblioteca Karol Wojtyla Biblioteca Karol Wojtyla Sala general 03/12/2013 Donación 0.00   759.97235 G35 1996 46954 05/01/2026 0.00 03/12/2013 Libro